| 000 | 00506nam a2200133Ia 4500 | ||
|---|---|---|---|
| 008 | 220620s9999||||xx |||||||||||||| ||und|| | ||
| 020 | _a9780260000000 | ||
| 100 | _aJenkins, Henry | ||
| 245 | 0 |
_aConfronting the Challenges of Participatory Culture _bMedia Education for the 21st Century |
|
| 546 | _aEnglish[eng] | ||
| 650 | _aImpact of science and technology on society||Educational equipment and technology, computer-aided learning (CAL) | ||
| 856 | _uhttp://mitpress.mit.edu/9780262513623 | ||
| 942 | _cEB | ||
| 999 |
_c33945 _d33945 |
||